000 01039cam a2200325 a 4500
001 22849
003 SK-KTurca
005 20260429132440.0
008 140414s2014 xo d n 000 f slo d
015 _aSNBA2014/03
020 _a9788055136080 (viaz.)
035 _aa000502556
040 _aPOKPOH
_bslo
_cUKB
_dSNK
_eAACR2
041 1 _aslo
_heng
044 _axo
_cSK
072 7 _a821.111-3
_xAnglická próza, anglicky písaná
_2konspekt
080 _a821.111(71)-31
_22001
080 _a(0:82-31)
_22001
100 1 _aLeduc, Amanda
240 1 4 _aThe miracles of ordinary men.
_lSlovensky
245 1 0 _aZázraky obyčajných ľudí
_b[román o hľadaní svetla na temných miestach]
_cAmanda Leducová ; [z anglického originálu] preložila Miriam Ghaniová
260 _aBratislava
_bIkar
_c2014
300 _a284, [1] s.
504 _aBibliogr. odkazy
653 _a821.111(71)-31
653 _a(0:82-31)
655 7 _akanadské romány (anglicky)
_2UKBPH
700 1 _aGhaniová, Miriam
_4trl
942 _2ddc
_cKLDO
_n0
999 _c22849
_d22849